00371nam a2200145Ia 4500008004100000020001500041041001200056082001600068100001500084245006400099250000800163260002500171300000800196650002100204221030s9999 xx 000 0 und d a0070596956 aEnglish a105.23bVau aT. Vaughan 0aMultimedia : Making It Work ( DEPARTMENTAL )cby T. Vaughan a6th bTMHaNew Delhic2006 a462 aECE Departmental